Delay And Disruption Claims In Construction: A Practical Approach, 3Rd Ed. (Record no. 14306)

000 -LEADER
fixed length control field 00391nam a2200145Ia 4500
003 - CONTROL NUMBER IDENTIFIER
control field OSt
005 - DATE AND TIME OF LATEST TRANSACTION
control field 20260326191738.0
008 - FIXED-LENGTH DATA ELEMENTS--GENERAL INFORMATION
fixed length control field 260210s9999 xx 000 0 und d
020 ## - INTERNATIONAL STANDARD BOOK NUMBER
International Standard Book Number 9780727761972
082 ## - DEWEY DECIMAL CLASSIFICATION NUMBER
Classification number 692.5 GEM
100 ## - MAIN ENTRY--PERSONAL NAME
Personal name Ali D Haidar
245 #0 - TITLE STATEMENT
Title Delay And Disruption Claims In Construction: A Practical Approach, 3Rd Ed.
260 ## - PUBLICATION, DISTRIBUTION, ETC. (IMPRINT)
Name of publisher, distributor, etc ICE Publishing
Date of publication, distribution, etc 2017
942 ## - ADDED ENTRY ELEMENTS (KOHA)
Item type UG Books
Source of classification or shelving scheme
Holdings
Withdrawn status Lost status Source of classification or shelving scheme Damaged status Koha normalized classification for sorting Not for loan Permanent location Current location Shelving location Date acquired Full call number Barcode Date last seen Price effective from Koha item type
        692_500000000000000_GEM   BMS College of Architecture, Design and Planning BMS College of Architecture, Design and Planning General Stacks 2025-12-17 692.5 GEM AR-UG5223 2026-02-10 2026-02-10 UG Books
Copyright © 2025, The Librarian, Library and Information Centre, BMSCA D&P, Bengaluru. All Rights Reserved
web counter

Powered by Koha